000 01722cam a22004694i 4500
003 PE-LiUPU
005 20250731173256.0
008 150616s r 000 0 d
020 _a8472282333
035 _a(Sirsi) i9788472282339
040 _aPE-LiUPU
_bspa
_cPE-LiUPU
_erda
049 _aPRUA
082 0 4 _a261.83
_bP51
_221
100 1 _aPhillips, Keith W.,
_eautor.
245 1 0 _aTerror en el Ghetto.
264 1 _aBarcelona :
_bCLIE,
_c1976].
300 _a167 páginas ;
_c17 centímetros
336 _atext
_2rdacontent
337 _aunmediated
_2rdamedia
338 _avolume
_2rdacarrier
504 _aIncluye bibliografía.
505 0 _aNo tienes que hacerte blanco -- Terror en el ghetto -- La prueba de fuego -- La puerta de la delincuencia -- La casa del grán potencial -- New York en Wichita -- Salud, crecimiento y plenitud de amor -- Castillos en Omaha -- Cálida noche de agosto: ¿Epitafio o profecía? -- Si Jesús viniera hoy, vendría a Watts.
526 _aSEG42
526 _aSEG41
526 _aSEG40
526 _aSEG39
526 _aP94
526 _aP87
526 _aP86
526 _aP85
526 _aP77
526 _aP76
526 _aP35
650 0 4 _aTEOLOGIA SOCIAL.
910 _ajck
_bjvq
_cjck
942 _2ddc
_cBOOK
949 _a261.83 P51
_wDEWEY
_c1
_i25789
_lCCODEBUL1
_mBUL
_r0
_sY
_tBOOK
_u2015-4-23
_xTEOLOGIA
_zUNKNOWN
_0COMPRA
_o.STAFF. Colección General
994 _aC0
_bPEPRU
596 _a1
999 _a261.83 P51
_wDEWEY
_c43781
_i25789
_f2021-11-12
_g5
_lCCODEBUL1
_mBUL
_r0
_sY
_tBOOK
_u2015-4-23
_xTEOLOGIA
_zUNKNOWN
_0COMPRA
_o.STAFF. Colección General
_d43781
980 _81
_gALBERTO SANCHEZ Responsable de Automatización